Normal view
MARC view
Entry Topical Term
001 - CONTROL NUMBER
- control field: 73122
003 - CONTROL NUMBER IDENTIFIER
- control field: OSt
005 - DATE AND TIME OF LATEST TRANSACTION
- control field: 20181031154916.0
008 - FIXED-LENGTH DATA ELEMENTS
- fixed length control field: 181031|| aca||aabn | a|a d
040 ## - CATALOGING SOURCE
- Original cataloging agency: OSt
- Transcribing agency: OSt
150 ## - HEADING--TOPICAL TERM
- Topical term or geographic name entry element: G.K
670 ## - SOURCE DATA FOUND
- Source citation: Work cat.: (OSt): Snehil Tripathi 72353, Madhya Pradesh General Knowledge For MPPSC Exam. Prilim and Main, 2018









